Normal view MARC view
  • Guichot Reina, Virginia,

Entry Nombre Personal

Number of records used in: 6

001 - NUMERO DE CONTROL

  • campo de control: 31839

003 - IDENTIFICADOR DE NUMERO DE CONTROL

  • campo de control: UPN

005 - FECHA Y HORA DE LA ÜLTIMA TRANSACCIÓN

  • campo de control: 20210219194427.0

008 - DATOS DE LONGITUD FIJA

  • campo de control de longitud fija: nabaccnnaabn|||||||||| b |nc|||||d

035 ## - NUMERO DE CONTROL

  • Número de control: UPN11000003945

040 ## - FUENTE DE CATALOGACIÓN

  • Lenguaje de catalogación: SPA
  • Agencia de transcripción: UPN

100 1# - ENCABEZAMIENTO - NOMBRE PERSONAL

  • Nombre personal: Guichot Reina, Virginia,
  • Fechas asociadas con el nombre: 1968-

670 ## - FUENTE EN LA QUE SE LOCALIZARON DATOS

  • Cita de la fuente: T
  • Información localizada: Democracia, ciudadanía y educación : una mirada crítica sobre la obra pedagógica de John Dewey

902 ## - CATALOGADOR

  • Catalogador: CAA/150212